[Event "CRO-chT U18"]
[Site "Cakovec"]
[Date "2019.12.29"]
[Round "6.3"]
[White "Pahljina, Ivo"]
[Black "Novosel, Lovro"]
[Result "0-1"]
[WhiteElo "1732"]
[BlackElo "1634"]
[PlyCount "90"]
[EventDate "2019.12.27"]
[EventType "team-tourn"]
[EventRounds "7"]
[EventCountry "CRO"]
[SourceTitle "CBM 194 Extra"]
[Source "ChessBase"]
[SourceDate "2020.03.31"]
[SourceVersion "1"]
[SourceVersionDate "2020.03.31"]
[SourceQuality "1"]

1. e4 c5 2. Nc3 d6 3. g3 Nf6 4. Bg2 e6 5. Nge2 Be7 6. 0-0 0-0 7. d3 Nc6 8. f4 a6 9. h3 Nd4 10. g4 Rb8 11. f5 Ne8 12. Be3 Bg5 13. Bxg5 Qxg5 14. Ng3 b5 15. Nce2 e5 16. c3 Nxe2+ 17. Qxe2 Qd8 18. Qe3 f6 19. h4 Bb7 20. g5 Rc8 21. Nh5 Kh8 22. Qg3 Rg8 23. Qe3 d5 24. Rac1 d4 25. cxd4 cxd4 26. Rxc8 Bxc8 27. Qd2 g6 28. gxf6 Nxf6 29. Nxf6 Qxf6 30. Qh6 Qg7 31. Qxg7+ Kxg7 32. Bh3 Rf8 33. Kg2 gxf5 34. exf5 Kf6 35. Kf3 Bb7+ 36. Ke2 Rg8 37. Kf2 Rc8 38. Re1 Rc2+ 39. Re2 Rxe2+ 40. Kxe2 Bc8 41. Kf3 Bxf5 42. Bxf5 Kxf5 43. b4 h5 44. a3 e4+ 45. dxe4+ Ke5 0-1

[Event "CRO-chT U18"]
[Site "Cakovec"]
[Date "2019.12.28"]
[Round "4.3"]
[White "Pahljina, Ivo"]
[Black "Cajner, Lukas"]
[Result "1-0"]
[WhiteElo "1732"]
[BlackElo "1433"]
[PlyCount "75"]
[EventDate "2019.12.27"]
[EventType "team-tourn"]
[EventRounds "7"]
[EventCountry "CRO"]
[SourceTitle "CBM 194 Extra"]
[Source "ChessBase"]
[SourceDate "2020.03.31"]
[SourceVersion "1"]
[SourceVersionDate "2020.03.31"]
[SourceQuality "1"]

1. e4 e5 2. Nc3 Nc6 3. g3 Nf6 4. Bg2 Bb4 5. Nge2 d6 6. 0-0 0-0 7. d3 h6 8. f4 Ng4 9. Na4 b5 10. a3 Ba5 11. b4 bxa4 12. bxa5 Nxa5 13. h3 Nf6 14. fxe5 dxe5 15. Be3 Be6 16. Qd2 Nc6 17. Rab1 Qd7 18. Kh2 Rab8 19. Rxb8 Rxb8 20. Bxh6 Nh7 21. Be3 Qd6 22. Qc3 Nf6 23. d4 Bd7 24. d5 Ne7 25. Bc5 Qa6 26. Bxe7 Qxe2 27. Bxf6 gxf6 28. Rxf6 Bxh3 29. Qf3 Qxg2+ 30. Qxg2 Bxg2 31. Kxg2 Rb2 32. Rc6 Ra2 33. Rxc7 Rxa3 34. d6 Ra1 35. d7 Rd1 36. Rc8+ Kg7 37. d8Q Rxd8 38. Rxd8 1-0

[Event "CRO-chT U18"]
[Site "Cakovec"]
[Date "2019.12.27"]
[Round "1.3"]
[White "Pahljina, Ivo"]
[Black "Hajpek, Erik"]
[Result "1-0"]
[WhiteElo "1732"]
[BlackElo "1811"]
[PlyCount "79"]
[EventDate "2019.12.27"]
[EventType "team-tourn"]
[EventRounds "7"]
[EventCountry "CRO"]
[SourceTitle "CBM 194 Extra"]
[Source "ChessBase"]
[SourceDate "2020.03.31"]
[SourceVersion "1"]
[SourceVersionDate "2020.03.31"]
[SourceQuality "1"]

1. e4 e5 2. Nc3 Nf6 3. g3 Bc5 4. Bg2 a6 5. a4 d6 6. Nge2 Nc6 7. d3 Bg4 8. h3 Bh5 9. 0-0 Bxe2 10. Nxe2 h5 11. Kh1 h4 12. g4 Nxg4 13. hxg4 h3 14. Bf3 Qf6 15. Ng3 g6 16. g5 Qe7 17. Bg4 f6 18. f4 fxg5 19. fxg5 Rf8 20. Bd2 Nd4 21. c3 Ne6 22. Rxf8+ Nxf8 23. Qf3 Nh7 24. Rf1 Qg7 25. Bxh3 b5 26. Be6 Nf8 27. Bd5 0-0-0 28. Qg4+ Kb8 29. axb5 Nd7 30. bxa6 Rf8 31. Rxf8+ Nxf8 32. Qf3 Nd7 33. Qf7 Qh8+ 34. Kg2 Qc8 35. Be6 Qxa6 36. Qxd7 Qxd3 37. Qc8+ Ka7 38. Qxc7+ Ka6 39. Bc8+ Kb5 40. Qb7+ 1-0

[Event "CRO-ch U15"]
[Site "Trogir"]
[Date "2018.06.19"]
[Round "7"]
[White "Jurakic, Lukas"]
[Black "Pahljina, Ivo"]
[Result "0-1"]
[WhiteElo "1848"]
[BlackElo "1463"]
[PlyCount "52"]
[EventDate "2018.06.16"]
[EventType "swiss"]
[EventRounds "9"]
[EventCountry "CRO"]
[SourceTitle "EXT 2019"]
[Source "ChessBase"]
[SourceDate "2018.10.10"]
[SourceVersion "1"]
[SourceVersionDate "2018.10.10"]
[SourceQuality "1"]

1. e4 d6 2. d4 Nf6 3. Nc3 Nbd7 4. Be3 e5 5. f3 Be7 6. Qd2 c6 7. 0-0-0 b5 8. g4 0-0 9. h4 a5 10. Nge2 Nb6 11. Ng3 b4 12. Nb1 exd4 13. Bxd4 c5 14. Bxf6 Bxf6 15. Qxd6 Na4 16. Qxd8 Bxb2+ 17. Kd2 Rxd8+ 18. Ke1 Rxd1+ 19. Kxd1 Be6 20. Bb5 Nb6 21. Ke2 Bxa2 22. Rd1 a4 23. Nd2 Be6 24. Nf5 a3 25. Nd6 a2 26. Nb3 Bxb3 0-1

[Event "CRO-ch U13"]
[Site "Trogir"]
[Date "2016.06.24"]
[Round "7"]
[White "Ljubicic, Mario"]
[Black "Pahljina, Ivo"]
[Result "1-0"]
[WhiteElo "1636"]
[BlackElo "1268"]
[PlyCount "121"]
[EventDate "2016.06.21"]
[EventType "swiss"]
[EventRounds "9"]
[EventCountry "CRO"]
[SourceTitle "EXT 2017"]
[Source "ChessBase"]
[SourceDate "2016.10.25"]
[SourceVersion "1"]
[SourceVersionDate "2016.10.25"]
[SourceQuality "1"]

1. e4 d6 2. d4 Nf6 3. Nc3 Nbd7 4. Nf3 e5 5. dxe5 dxe5 6. Bc4 Be7 7. Be3 0-0 8. Qd2 c6 9. 0-0 a5 10. a4 Qc7 11. Bb3 Bb4 12. Qd3 Nc5 13. Bxc5 Bxc5 14. Ne2 Bg4 15. Ng3 Rad8 16. Qe2 Bd4 17. c3 Bc5 18. h3 Bh5 19. Rad1 Bg6 20. Nh4 Kh8 21. Nxg6+ fxg6 22. Rxd8 Qxd8 23. Qc4 Qb6 24. Bd1 Nd7 25. Qe2 Rf4 26. Qd2 Nf6 27. Bf3 h5 28. Qc2 Nh7 29. Ne2 Rf8 30. h4 Rd8 31. Nc1 Qc7 32. Nd3 Be7 33. g3 Qd6 34. Rd1 Rf8 35. Qe2 Qf6 36. Bg2 Qe6 37. Qd2 Rd8 38. Qc2 Nf6 39. Kh2 Ng4+ 40. Kg1 Qc4 41. b3 Qf7 42. Bh3 Qe6 43. Qb2 Bc5 44. Kg2 Qe7 45. Bxg4 hxg4 46. Nxe5 Rxd1 47. Nxg6+ Kh7 48. Nxe7 Bxe7 49. e5 Rd5 50. c4 Rd8 51. Qe2 Bb4 52. e6 Re8 53. Qxg4 Bc5 54. Qf5+ g6 55. Qf7+ Kh6 56. Qxe8 Kg7 57. Qf7+ Kh6 58. e7 Bxe7 59. Qxe7 b5 60. axb5 cxb5 61. Qe5 1-0